000 00644nam a2200181Ia 4500
008 151018s9999 xx 000 0 und d
082 _bRBASDV50413
_a770
100 _aमीनाक्षी बेरी
245 _aफोटोग्राफी कि कहानी
250 _b1
260 _bप्वाइंट प्रकाशन
_c2008
300 _a48
600 _aमीनाक्षी बेरी
630 _aफोटोग्राफी कि कहानी
700 _aमीनाक्षी बेरी
730 _aफोटोग्राफी कि कहानी
942 _cBOOK
999 _c1049381
_d1049378